| 000 | 00741cam a2200265 4500 | ||
|---|---|---|---|
| 008 | #DATE n1998 000 0 eng u | ||
| 020 | _a0113221614 | ||
| 035 | _a(Sirsi) u121311 | ||
| 041 | _aeng | ||
| 110 |
_aNHS Estates _92893 |
||
| 245 | _aGuide to contract procedures | ||
| 250 | _aRevised ed. | ||
| 260 |
_aLondon _bStationery Office _c1998 |
||
| 350 | _a75 | ||
| 520 | _aForms part of "Concode" set of documents. | ||
| 650 | _aBUILT ENVIRONMENT-BUILDING CONTRACT FORMS | ||
| 650 | _aCLAIMS | ||
| 650 | _aCONCODE | ||
| 650 | _aCONTRACT PROCEDURES | ||
| 650 | _aBUILDING CONTRACTORS | ||
| 650 | _aNATIONAL HEALTH SERVICE | ||
| 650 | _aTENDERING | ||
| 690 | _aBUILT ENVIRONMENT-BUILDING CONTRACT FORMS | ||
| 942 | _n0 | ||
| 999 |
_c102652 _d102652 |
||